La libertad de acceso a la información como conflicto ético : el caso francés (Record no. 71481)
[ view plain ]
| 000 -CABECERA | |
|---|---|
| campo de control de longitud fija | 00763nam a2200241 a 4500 |
| 005 - FECHA Y HORA DE LA ÚLTIMA TRANSACCIÓN | |
| campo de control | 20210223123939.0 |
| 008 - ELEMENTOS DE LONGITUD FIJA--INFORMACIÓN GENERAL | |
| campo de control de longitud fija | 991125n 000 0 spa u |
| 035 ## - NÚMERO DE CONTROL DEL SISTEMA | |
| Número de control de sistema | UPN01000084784 |
| 100 1# - ASIENTO PRINCIPAL--NOMBRE PERSONAL | |
| Nombre de persona | Gómez Pantoja, Aurora |
| 222 ## - TÍTULO CLAVE | |
| Título clave | EDUCACION Y BIBLIOTECA : |
| Información calificativa | REVISTA MENSUAL DE DOCUMENTACION Y RECURSOS DIDACTICOS |
| 245 ## - MENCIÓN DE TÍTULO | |
| Título | La libertad de acceso a la información como conflicto ético : el caso francés |
| 300 ## - DESCRIPCIÓN FÍSICA | |
| Extensión | 26-28 |
| 362 0# - FECHAS DE PUBLICACIÓN Y/O DESIGNACIÓN SECUENCIAL | |
| Fecha de publicación y/o designación secuencial | 1997 Vol. 9, no. 85 |
| 653 0# - TERMINO DE INDIZACION - NO CONTROLADO | |
| Término no controlado | ACCESO A LA INFORMACION |
| 653 0# - TERMINO DE INDIZACION - NO CONTROLADO | |
| Término no controlado | BIBLITOECARIOS FRANCESES |
| 653 0# - TERMINO DE INDIZACION - NO CONTROLADO | |
| Término no controlado | BIBLIOTECAS FRANCESAS |
| 653 0# - TERMINO DE INDIZACION - NO CONTROLADO | |
| Término no controlado | CENSURA |
| 653 0# - TERMINO DE INDIZACION - NO CONTROLADO | |
| Término no controlado | LIBERTAD DE EXPRESION |
| 700 1# - ASIENTO SECUNDARIO--NOMBRE DE PERSONAL | |
| Nombre de persona | Pérez Pulido, Margarita |
| 9 (RLIN) | 34824 |
| 700 1# - ASIENTO SECUNDARIO--NOMBRE DE PERSONAL | |
| Término indicativo de función/relación | coaut. |
| 904 ## - ELEMENTOS DE DATOS D LOCAL, LDD (RLIN) | |
| a | AC |
| b | 022595 |
| 905 ## - TIPO DE MATERIAL | |
| Tipo de material | Articulo |
No items available.
